000
00269nam a22001217a 4500
008
180214b xxu||||| |||| 00| 0 eng d
041
_a
eng
080
_a
62
100
_a
26
101
_a
MEK
245
_a
HANDBOOK OF ELECTRODE TECHNOLOGY
_c
ORION
942
_2
udc
_c
BK
999
_c
42536
_d
42536